Hangman - Character VII Quiz Stats

Quiz not verified by Sporcle

Challenge
Share
Tweet
To make a guess at the hangman answer put an equals sign "=" before your guess. e.g. "=Ebenezer Scrooge". Even if you guess all the correct letters for the answer, you must enter it in full e.g. "=Ebenezer Scrooge" to end the quiz without further penalty.
Score 0/37 Timer 03:00
0 Plays Today
% Correct
???
100%
???
99.4%
???
99.4%
???
99.4%
???
99.1%
???
99.1%
???
99.1%
???
99.1%
???
99.1%
???
99.1%
???
99.1%
???
98.8%
???
98.8%
???
98.8%
???
98.8%
???
98.8%
???
98.8%
???
98.8%
???
94.4%
% Correct
???
94.4%
???
93.8%
???
92.6%
???
86.7%
???
86.4%
???
83.3%
???
71.9%
???
69.8%
???
68.5%
???
67.6%
???
64.2%
???
62.3%
???
52.2%
???
46.6%
???
42.3%
???
42%
???
39.5%
???
25.3%

You're not logged in!

Compare scores with friends on all Sporcle quizzes.
Sign Up with Email
OR
Log In

You Might Also Like...

Show Comments

Extras

Top Quizzes Today


Score Distribution

Your Account Isn't Verified!

In order to create a playlist on Sporcle, you need to verify the email address you used during registration. Go to your Sporcle Settings to finish the process.